<?xml version="1.0" encoding="UTF-8"?>
<record
    xmlns:xsi="http://www.w3.org/2001/XMLSchema-instance"
    xsi:schemaLocation="http://www.loc.gov/MARC21/slim http://www.loc.gov/standards/marcxml/schema/MARC21slim.xsd"
    xmlns="http://www.loc.gov/MARC21/slim">

  <leader>01255nam a22002657a 4500</leader>
  <controlfield tag="003">KOHA_M&#x130;RAKIL</controlfield>
  <controlfield tag="005">20260424095914.0</controlfield>
  <controlfield tag="008">260421b        tu ||||| |||| 00| 0 tur d</controlfield>
  <datafield tag="020" ind1=" " ind2=" ">
    <subfield code="a">9786257610797</subfield>
  </datafield>
  <datafield tag="040" ind1=" " ind2=" ">
    <subfield code="a">TR-AnABB</subfield>
    <subfield code="b">tur</subfield>
    <subfield code="c">TR-AnABB</subfield>
  </datafield>
  <datafield tag="041" ind1=" " ind2=" ">
    <subfield code="a">tur</subfield>
  </datafield>
  <datafield tag="082" ind1=" " ind2=" ">
    <subfield code="a">297.822</subfield>
    <subfield code="b">DED 2025</subfield>
  </datafield>
  <datafield tag="100" ind1="1" ind2=" ">
    <subfield code="a">Dedekarg&#x131;no&#x11F;lu, H&#xFC;seyin</subfield>
  </datafield>
  <datafield tag="245" ind1="1" ind2="0">
    <subfield code="a">Kemlik bizden kerem sizden :</subfield>
    <subfield code="b">hal erenler halidir /</subfield>
    <subfield code="c">H&#xFC;seyin Dedekarg&#x131;no&#x11F;lu</subfield>
  </datafield>
  <datafield tag="246" ind1=" " ind2=" ">
    <subfield code="a">Hal erenler halidir</subfield>
  </datafield>
  <datafield tag="250" ind1=" " ind2=" ">
    <subfield code="a">1. bask&#x131;</subfield>
  </datafield>
  <datafield tag="260" ind1=" " ind2=" ">
    <subfield code="a">Ankara :</subfield>
    <subfield code="b">Alt&#x131;nordu Yay&#x131;nevi,</subfield>
    <subfield code="c">2025</subfield>
  </datafield>
  <datafield tag="300" ind1=" " ind2=" ">
    <subfield code="a">469 sayfa ;</subfield>
    <subfield code="c">20 cm</subfield>
  </datafield>
  <datafield tag="500" ind1=" " ind2=" ">
    <subfield code="a">Yazar taraf&#x131;ndan Prof. Dr. Ru&#x15F;en Kele&#x15F; i&#xE7;in imzalanm&#x131;&#x15F;t&#x131;r.</subfield>
  </datafield>
  <datafield tag="505" ind1=" " ind2=" ">
    <subfield code="a">&#x130;&#xE7;indekiler: Alevilikte dedelik kurumu ve s&#xFC;rek anlay&#x131;&#x15F;&#x131; - Alevilikteki tan&#x131;m ve terimler - D&#xFC;nk&#xFC; ve bug&#xFC;nk&#xFC; alevilik - Elvan &#xC7;elebi'nin g&#xF6;z&#xFC;yle Dede Gark&#x131;n'dan Baba &#x130;lyas'a - Muharrem A&#x15F;ura ve A&#x15F;ure - Baz&#x131; Alevilik Kavramlar&#x131;n&#x131;n kullan&#x131;lmas&#x131; - Dede Gark&#x131;n Oca&#x11F;&#x131;'nda musahiplik uygulamas&#x131; &#xF6;rne&#x11F;i - Dede Gark&#x131;n oca&#x11F;&#x131;'nda m&#xFC;sahiplik uygulamas&#x131; &#xF6;rne&#x11F;i - Genelde dergahlar&#x131;n, &#xF6;zelde Hac&#x131; Bekta&#x15F;...</subfield>
  </datafield>
  <datafield tag="650" ind1="0" ind2="4">
    <subfield code="a">Alevilik</subfield>
  </datafield>
  <datafield tag="650" ind1="0" ind2="4">
    <subfield code="a">&#x130;slam dini, Mezhepler</subfield>
  </datafield>
  <datafield tag="900" ind1=" " ind2=" ">
    <subfield code="b">Can &#xC7;ELIK</subfield>
  </datafield>
  <datafield tag="942" ind1=" " ind2=" ">
    <subfield code="2">ddc</subfield>
    <subfield code="c">BK</subfield>
  </datafield>
  <datafield tag="952" ind1=" " ind2=" ">
    <subfield code="0">0</subfield>
    <subfield code="1">0</subfield>
    <subfield code="2">ddc</subfield>
    <subfield code="7">0</subfield>
    <subfield code="a">RUK</subfield>
    <subfield code="b">RUK</subfield>
    <subfield code="d">2026-04-21</subfield>
    <subfield code="l">0</subfield>
    <subfield code="o">297.822 DED 2025</subfield>
    <subfield code="p">RK7236</subfield>
    <subfield code="r">2026-04-21 10:51:28</subfield>
    <subfield code="w">2026-04-21</subfield>
    <subfield code="y">BK</subfield>
  </datafield>
  <datafield tag="999" ind1=" " ind2=" ">
    <subfield code="c">10330</subfield>
    <subfield code="d">10330</subfield>
  </datafield>
</record>
